000 00394nam a2200157Ia 4500
005 20240807062057.0
008 240806s9999||||xx |||||||||||||| ||eng||
041 _aeng
082 _a891.431009
_bNARS
100 _aNarsingh Chari S.T.
245 0 _aSoundarya shastreey samiksha /
_cNarsingh Chari S.T.
260 _bVani Prakashan
300 _a304
650 _aGeneral Studies
942 _cBK
999 _c7704
_d7704